Mikroprocessornyje sredstva i sistemy

Salvato in:
Dettagli Bibliografici
Natura: Periodico
Pubblicazione: 1985
Tags: Aggiungi Tag
Nessun Tag, puoi essere il primo ad aggiungerne!!

MARC

LEADER 00000nas a22000003a 4500
001 stu68007
005 20141121235816.5
008 011106s1985----------------------------d
040 |a STU  |b slo 
041 0
245 |a Mikroprocessornyje sredstva i sistemy 
260 |c 1985 
500 |a 1-4 
500 |a 4 
773 0 |t Mikroprocessornyje sredstva i sistemy  |w stu_us_cat*stu58969  |x 0233-4844  |7 nnas 
996 |c c-2973  |d Tom 2, 1985  |v Tom 2  |y 1985  |l II680  |s A  |a 24  |w stu68007_0002